Catálogo
 En Linea

El hombre como animal / (Registro nro. 38375)

Detalles MARC
000 -CABECERA
campo de control de longitud fija 00646nam a2200181 a 4500
001 - NÚMERO DE CONTROL
campo de control 000038885
005 - FECHA Y HORA DE LA ÚLTIMA TRANSACCIÓN
campo de control 20201002031415.0
008 - DATOS DE LONGITUD FIJA--INFORMACIÓN GENERAL
campo de control de longitud fija 130501s1964 ag 000 0 spa d
040 ## - FUENTE DE LA CATALOGACIÓN
Centro catalogador/agencia de origen DO-SdBNP
Lengua de catalogación spa
Centro/agencia transcriptor BNPHU
100 1# - ENTRADA PRINCIPAL--NOMBRE DE PERSONA
Nombre de persona Osman Hill, W. C.
9 (RLIN) 65156
240 10 - TÍTULO UNIFORME
Título uniforme Man as an Animal
Lenguaje de la obra Español
245 13 - MENCIÓN DE TÍTULO
Título El hombre como animal /
Mención de responsabilidad, etc. W. C. Osman Hill ; traducida por Osvaldo A. Reig y Estela Santilli de Reig.
260 ## - PUBLICACIÓN, DISTRIBUCIÓN, ETC.
Lugar de publicación, distribución, etc. Buenos Aires :
Nombre del editor, distribuidor, etc. Universitaria de Buenos Aires ,
Fecha de publicación, distribución, etc. 1964.
300 ## - DESCRIPCIÓN FÍSICA
Extensión 235 p. : ;
Dimensiones 18 cm.
500 ## - NOTA GENERAL
Nota general Traducido del idioma inglés
700 1# - PUNTO DE ACCESO ADICIONAL--NOMBRE DE PERSONA
Nombre de persona Reig, Osvaldo A.
Término indicativo de función/relación tr.
9 (RLIN) 65157
700 1# - PUNTO DE ACCESO ADICIONAL--NOMBRE DE PERSONA
Nombre de persona Santilli de Reig, Estela
Término indicativo de función/relación tr.
9 (RLIN) 65158
Existencias
Estado de retiro Estado de pérdida Restricciones de uso No para préstamo Código de colección Localización permanente Ubicación/localización actual Ubicación en estantería Fecha de adquisición Número de inventario Total de préstamos Signatura topográfica completa Código de barras Fecha visto por última vez Precio válido a partir de Tipo de ítem Koha
      Excluido de préstamo Monografías: Libros y Folletos Patrimonio Dominicano Patrimonio Dominicano En catalogación 01.05.2013 LF1   38885-10 25.06.2020 25.06.2020 No se presta

Con tecnología Koha